| 000 | 00737nam a2200253Ia 4500 | ||
|---|---|---|---|
| 003 | OSt | ||
| 005 | 20220918201254.0 | ||
| 006 | a|||||r|||| 00| 0 | ||
| 007 | ta | ||
| 008 | 220917b |||||||| |||| 00| 0 eng d | ||
| 024 | _a92,779 | ||
| 037 | _cTextual | ||
| 040 |
_aARTS _cARTS _beng |
||
| 041 |
_2eng _aeng |
||
| 082 | _aV1:50aZ1, L9 | ||
| 100 |
_aBuergenthal Thomas Ed _997853 |
||
| 245 | 0 |
_aHuman rights _b International law and the Helsinki accord |
|
| 260 |
_aBombay _bAllied _c1979 |
||
| 300 |
_aviii, 203p. _ccm. |
||
| 500 | _aAppendix p161--196 | ||
| 650 |
_aHUMAN RIGHTS; INTERNATIONAL LAW; HISTORY _997854 |
||
| 942 |
_hV1:50aZ1, L9 _cTEXL _2CC |
||
| 999 |
_c216430 _d216430 |
||